000 00418pab a2200145 454500
008 180718b1991 xxu||||| |||| 00| 0 eng d
100 _aBhattacharya, Sabyasachi
245 _aColonial power and micro - social interactions
_bNineteenth century India
260 _c1991
300 _a1399-1403
362 _a1-8 June
650 _aColonial Government - India
773 _aEconomic and Political Weekly
909 _a6063
999 _c6063
_d6063